000 00197 a2200097 4500
001 32703
100 _aMontgomery
245 _aThe memoirs
260 _aLondon
_bcollins
_c
090 _c21903
_d21903
942 _aNUST-CAE
_cM
_c13229
999 _c267776
_d267776